00917nam a22002177a 450000100060000000300080000600500170001400800410003103500190007204000350009104100080012608200270013410000310016124501740019226000890036630000360045550200950049150400310058665000460061770000360066381849BD-RjUL20231126104549.0230904s2021 bg a|||| m||| 00| 0 eng d a(BD-RjUL)81849 aBD-RjULbengcBD-RjULdBD-RjUL aeng 223a333.9104bSHI 2021 aShakil, Md. Shakilur Zaman10aImpact of paper mill effluents on surface and ground water in the Northern part of Bangladesh /cSubmitted By Md. Shakilur Zaman Shakil ;6Supervisor : Md. Golam Mostafa aRajshahi :bInstitute of Environmental Science (IES), University of Rajshahi,c2021. ax, 121 leaves :bill, ;c29.cm. aThesis (M. Phil) -- Institute of Environmental Science (IES), University of Rajshahi, 2021 aReferences : Leaves 85 -96 aGround watervEconomic of land and energy aMostafa, Md. Golam, Supervisor